| 000 | 00000nam##2200000za#4500 |
| 001 | 9.573641 |
| 003 | CaOODSP |
| 005 | 20210624183809 |
| 007 | cr ||||||||||| |
| 008 | 150406|2004||||xxc|||||o f|0| 0 eng|d |
| 040 | |aCaOODSP|beng |
| 043 | |an-cn--- |
| 086 | 1 |aT41-1/9E-PDF |
| 110 | 1 |aCanada. |bTransport Canada. |
| 245 | 10|aBikeShare : |h[electronic resource]|ba community bicycle lending program |
| 260 | |aOttawa - Ontario : |bTransport Canada |cJuly 2004. |
| 300 | |a8p.|bcoloured illus., table, photographs |
| 490 | 1 |aCase studies in sustainable transportation|vCase study 9 |
| 500 | |aAt head of title: Urban Transportation Showcase Program. "Toronto, Ontario". |
| 590 | |a12-20-Supp|b2012-05-09 |
| 775 | 08|tLe Vélo-partage : |w(CaOODSP)9.603741 |
| 830 | #0|aCase studies in sustainable transportation ;|vCase study 9|w(CaOODSP)9.506851 |
| 856 | 40|ahttp://publications.gc.ca|qPDF|s275 KB|uhttps://publications.gc.ca/collections/collection_2012/tc/T41-1-09-eng.pdf|yCase study 9 |
| 986 | |aTP14254E |